| 000 | 00435nam a2200169Ia 4500 | ||
|---|---|---|---|
| 001 | 24401 | ||
| 005 | 20260414151040.0 | ||
| 008 | 260414t2012||||xx |||||||||||||| ||spa|| | ||
| 041 | _aESP | ||
| 082 |
_a345.7 _bG312 |
||
| 110 | _aGaceta JurÃdica | ||
| 245 | 0 |
_aLas medidas cautelares y los procesos de ejecución en la jurisprudencia 2009-2010 _b |
|
| 260 | _c2012 | ||
| 650 | _aDER | ||
| 654 | _aCDE | ||
| 942 |
_cLIB _dJUS _fJUS _2ddc _n |
||
| 999 |
_c24401 _d24401 |
||